[Event "ITA-ch U20 26th"]
[Site "Bratto"]
[Date "2003.08.26"]
[Round "6"]
[White "Lampl, Gerald"]
[Black "Bonagura, Stefano"]
[Result "1/2-1/2"]
[WhiteElo "1600"]
[BlackElo "1579"]
[PlyCount "75"]
[EventDate "2003.08.21"]
[EventType "swiss"]
[EventRounds "9"]
[EventCountry "ITA"]
[SourceTitle "EXT 2007"]
[Source "ChessBase"]
[SourceDate "2006.11.23"]
[SourceVersion "1"]
[SourceVersionDate "2006.11.23"]
[SourceQuality "1"]

1. Nf3 d5 2. d4 Nf6 3. Bf4 e6 4. e3 c5 5. dxc5 Bxc5 6. Bb5+ Bd7 7. Qe2 Qa5+ 8. Nc3 Ne4 9. Bxd7+ Nxd7 10. Qb5 Qxb5 11. Nxb5 0-0 12. Bg3 Rac8 13. Nd2 Ndf6 14. c3 a6 15. Nd4 b5 16. Nxe4 Nxe4 17. f3 Nxg3 18. hxg3 e5 19. Nc2 a5 20. Rh5 f6 21. Ke2 Bb6 22. Rah1 h6 23. Rc1 Rc5 24. Rhh1 Rfc8 25. a3 Rc4 26. Kd2 Bd8 27. Rhe1 f5 28. f4 Bc7 29. Rf1 g6 30. Rh1 Kg7 31. Rhf1 Re8 32. Ne1 Re4 33. Nc2 Bb6 34. Rce1 Bc5 35. b4 Bb6 36. fxe5 R8xe5 37. Nd4 Rg4 38. Rf3 1/2-1/2